Söylem üzerine / (Kayıt no. 10085)

MARC ayrıntıları
000 -BAŞLIK
Sabit Uzunluktaki Kontrol Alanı 01075nam a22002777a 4500
003 - KONTROL NUMARASI KİMLİĞİ
Kontrol Alanı KOHA_MİRAKIL
005 - EN SON İŞLEM TARİHİ ve ZAMANI
Kontrol Alanı 20260330114030.0
008 - SABİT UZUNLUKTAKİ VERİ ÖGELERİ - GENEL BİLGİ
Sabit Alan 260330b tu ||||| |||| 00| 0 tur d
020 ## - ISBN - ULUSLARARASI STANDART KİTAP NUMARASI
Isbn 9789757064619
040 ## - KATALOGLAMA KAYNAĞI
Özgün Kataloglama Kurumu TR-AnABB
Kataloglama Dili tur
Çeviri Kurumu TR-AnABB
041 ## - DİL KODU
Metin ya da ses kaydının dil kodu tur
082 ## - DEWEY ONU SINIFLAMA SİSTEMİ
Sınıflama Numarası 814.42
Cutter numarası KOC 1996
100 1# - KİŞİ ADI
Yazar Adı (Kişi adı) Kocaman, Ahmet
245 10 - ESER ADI BİLDİRİMİ
Başlık Söylem üzerine /
Sorumluluk Bildirimi Ahmet Kocaman, Şükriye Ruhi, Deniz Zeyrek, Dilek Doltaş, Işın Bengi Öner , Gürkan Doğan
260 ## - YAYIN, DAĞITIM, VB.
Yayın Yeri Ankara :
Yayınevi Hitit Yayınevi,
Yayın Tarihi 1996
300 ## - FİZİKSEL TANIMLAMA
Sayfa, Cilt vb. 169 sayfa ;
Boyutları 18 cm
500 ## - GENEL NOT
Genel Not Yazar imzalı
505 ## - İÇİNDEKİLER NOTU
İçindekiler Notu Dil bilim söylemi / Ahmet Kocaman ; Söylem ve Birey / Şükriye RUhi ; Söylem ve Toplum / Deniz Zeyrek; Söylem ve Yazın / Dilek Doltaş ; Söylem ve Çeviri / Işın Bengi-Öner ; Söylemin Yorumlanması / Gürkan Doğan
650 04 - KONU BAŞLIĞI EK GİRİŞ - KONU TERİMİ
Konusal terim veya coğrafi ad Türk edebiyatı, deneme
700 1# - EK GİRİŞ - KİŞİ ADI
Yazar Adı (Kişi adı) Ruhi, Şükriye
9 (RLIN) 3204
700 1# - EK GİRİŞ - KİŞİ ADI
Yazar Adı (Kişi adı) Zeyrek, Deniz
9 (RLIN) 3205
700 1# - EK GİRİŞ - KİŞİ ADI
Yazar Adı (Kişi adı) Bengi-Öner, Işın
9 (RLIN) 3206
700 1# - EK GİRİŞ - KİŞİ ADI
Yazar Adı (Kişi adı) Doltaş, Dilek
9 (RLIN) 3207
700 1# - EK GİRİŞ - KİŞİ ADI
Yazar Adı (Kişi adı) Doğan, Gürkan
9 (RLIN) 3208
942 ## - EK GİRİŞ ÖGELERİ (KOHA)
Sınıflama Kaynağı Dewey Decimal Classification
Materyal Türü Kitap
900 ## - YEREL BİLGİ
Kontrol Can ÇELIK
Mevcut
Geri Çekilme Durumu Kayıp Durumu Sınıflandırma Kaynağı Kredi için değil Kalıcı Konum Mevcut Konum Kayıt Tarih Toplam Ödünçverme Yer Numarası Demirbaş Numarası Son Görülme Tarihi Fatura Tarihi Materyal Türü
    Dewey Decimal Classification   Prof. Dr. Ruşen Keleş Kütüphanesi Prof. Dr. Ruşen Keleş Kütüphanesi 30/03/2026   814.42 KOC 1996 RK1101 30/03/2026 30/03/2026 Kitap